[Event "NATO-ch"]
[Site "Quebec CAN"]
[Date "2014.09.11"]
[Round "6.18"]
[White "Farrell, John"]
[Black "Leblanc, Paul"]
[Result "1/2-1/2"]
[WhiteElo "2054"]
[BlackElo "1942"]
[PlyCount "54"]
[EventDate "2014.09.08"]
[EventType "swiss"]
[EventRounds "7"]
[EventCountry "CAN"]
[Source "Chess Mix"]
[WhiteTeam "NATO1"]
[BlackTeam "Canada 2"]

1. c4 c6 2. Nf3 d5 3. b3 Bf5 4. Bb2 e6 5. g3 Nf6 6. Bg2 Nbd7 7. O-O Be7 8. d3
h6 9. Nbd2 O-O 10. Re1 Bh7 11. Qc2 a5 12. a3 Qb6 13. Rab1 Rfd8 14. h3 Bd6 15.
Nf1 e5 16. N3d2 d4 17. Kh2 Re8 18. Ne4 Nxe4 19. dxe4 c5 20. a4 Rf8 21. g4 Qd8
22. Ng3 g6 23. Bc1 Qh4 24. Qd2 Kg7 25. Rf1 b6 26. Qe1 Rae8 27. f3 Qe7 1/2-1/2

[Event "NATO-ch"]
[Site "Quebec CAN"]
[Date "2014.09.11"]
[Round "6.19"]
[White "Mottais, Francois"]
[Black "Szczesniak, Andrzej"]
[Result "1/2-1/2"]
[WhiteElo "2035"]
[BlackElo "1969"]
[PlyCount "26"]
[EventDate "2014.09.08"]
[EventType "swiss"]
[EventRounds "7"]
[EventCountry "CAN"]
[Source "Chess Mix"]
[WhiteTeam "France"]
[BlackTeam "NATO1"]
[WhiteTeamCountry "FRA"]

1. d4 Nf6 2. c4 e6 3. Nc3 c5 4. d5 exd5 5. cxd5 Bd6 6. g3 O-O 7. Bg2 Re8 8. Nh3
Be5 9. O-O d6 10. Nf4 Bf5 11. Nd3 Bxc3 12. bxc3 Ne4 13. Bb2 c4 1/2-1/2

[Event "NATO-ch"]
[Site "Quebec CAN"]
[Date "2014.09.11"]
[Round "6.20"]
[White "Koopmeiners, Karl"]
[Black "Dekker, Ard"]
[Result "1/2-1/2"]
[WhiteElo "2023"]
[BlackElo "1940"]
[PlyCount "47"]
[EventDate "2014.09.08"]
[EventType "swiss"]
[EventRounds "7"]
[EventCountry "CAN"]
[Source "Chess Mix"]
[WhiteTeam "NATO2"]
[BlackTeam "The Netherlands"]

1. d4 Nf6 2. c4 g6 3. Nc3 d5 4. cxd5 Nxd5 5. e4 Nxc3 6. bxc3 Bg7 7. Nf3 c5 8.
Bb5+ Nc6 9. O-O O-O 10. Bxc6 bxc6 11. Be3 Bg4 12. Rc1 Qa5 13. Qc2 Be6 14. Rfd1
Rfd8 15. Rb1 Rab8 16. h3 Qxa2 17. Qxa2 Bxa2 18. Rxb8 Rxb8 19. Ne5 Rb1 20. Rxb1
Bxb1 21. Nxc6 cxd4 22. Bxd4 Bxd4 23. cxd4 Bxe4 24. Nxa7 1/2-1/2

[Event "NATO-ch"]
[Site "Quebec CAN"]
[Date "2014.09.11"]
[Round "6.22"]
[White "Demjen, Attila"]
[Black "Langer, Herb"]
[Result "1/2-1/2"]
[WhiteElo "2007"]
[BlackElo "1813"]
[PlyCount "129"]
[EventDate "2014.09.08"]
[EventType "swiss"]
[EventRounds "7"]
[EventCountry "CAN"]
[Source "Chess Mix"]
[WhiteTeam "Hungary"]
[BlackTeam "Veterans"]
[WhiteTeamCountry "HUN"]

1. e4 c6 2. d4 d5 3. exd5 cxd5 4. c4 dxc4 5. Bxc4 e6 6. Nf3 Nf6 7. O-O Be7 8.
Bf4 O-O 9. Nc3 Nc6 10. Rc1 a6 11. a3 b5 12. Ba2 Bb7 13. Re1 Rc8 14. d5 exd5 15.
Nxd5 Nxd5 16. Bxd5 Bf6 17. Bxc6 Bxc6 18. Qxd8 Rfxd8 19. Bg5 Bxg5 20. Nxg5 h6
21. Nf3 Bxf3 22. gxf3 Rxc1 23. Rxc1 Rd2 24. Rb1 g5 25. Kg2 Kg7 26. Kg3 f5 27.
b3 Ra2 28. a4 bxa4 29. bxa4 Rxa4 30. Rb7+ Kg6 31. Rb6+ Kh5 32. Kg2 f4 33. Kg1
Ra1+ 34. Kg2 a5 35. Ra6 a4 36. Kh3 Ra2 37. Kg2 Ra3 38. Ra5 Kh4 39. Ra6 h5 40.
h3 g4 41. hxg4 hxg4 42. fxg4 f3+ 43. Kh2 Kxg4 44. Rg6+ Kf4 45. Rf6+ Ke4 46. Kg3
Rd3 47. Rf4+ Ke5 48. Rxa4 Kf5 49. Rf4+ Kg5 50. Rb4 Kf5 51. Rb5+ Ke4 52. Kg4 Rc3
53. Rb7 Ke5 54. Rf7 Ke6 55. Rf8 Ke5 56. Re8+ Kf6 57. Kf4 Rb3 58. Rc8 Ke6 59.
Re8+ Kf6 60. Re4 Rc3 61. Ra4 Ke6 62. Re4+ Kf6 63. Re3 Rc4+ 64. Re4 Rc3 65. Re3
1/2-1/2

[Event "NATO-ch"]
[Site "Quebec CAN"]
[Date "2014.09.11"]
[Round "6.24"]
[White "Tucker, David Sidney"]
[Black "Rosseel, Kimball"]
[Result "1-0"]
[WhiteElo "2042"]
[BlackElo "1808"]
[PlyCount "67"]
[EventDate "2014.09.08"]
[EventType "swiss"]
[EventRounds "7"]
[EventCountry "CAN"]
[Source "Chess Mix"]
[WhiteTeam "United Kingdom"]
[BlackTeam "Belgium"]
[BlackTeamCountry "BEL"]

1. e4 e6 2. d4 d5 3. Nd2 Nf6 4. e5 Nfd7 5. Bd3 c5 6. c3 Nc6 7. Ne2 cxd4 8. cxd4
f6 9. exf6 Nxf6 10. Nf3 Bd6 11. Bf4 Bxf4 12. Nxf4 O-O 13. O-O Ne4 14. g3 Qb6
15. Re1 g5 16. Nxg5 Nxg5 17. Qg4 Qxd4 18. Qxg5+ Qg7 19. Qxg7+ Kxg7 20. Nxe6+
Bxe6 21. Rxe6 Rf3 22. Be2 Rf6 23. Rxf6 Kxf6 24. Rd1 Rd8 25. f4 d4 26. Kf2 Re8
27. Bf3 Rd8 28. Be4 Rd7 29. g4 Nb4 30. a3 Na6 31. b4 b6 32. Rd3 Nc7 33. Rh3 Nb5
34. Bc6 1-0

[Event "NATO-ch"]
[Site "Quebec CAN"]
[Date "2014.09.11"]
[Round "6.25"]
[White "Stuhr, Finn"]
[Black "Kruit, Erik"]
[Result "0-1"]
[WhiteElo "1800"]
[BlackElo "2024"]
[PlyCount "90"]
[EventDate "2014.09.08"]
[EventType "swiss"]
[EventRounds "7"]
[EventCountry "CAN"]
[Source "Chess Mix"]
[WhiteTeam "Denmark"]
[BlackTeam "The Netherlands"]
[WhiteTeamCountry "DEN"]

1. e4 c5 2. Nf3 Nc6 3. Bc4 e6 4. Nc3 d6 5. a3 a6 6. O-O b5 7. Ba2 Nf6 8. d3 Be7
9. Ne2 O-O 10. c3 Bb7 11. Be3 Qc7 12. Ng3 Rad8 13. d4 c4 14. Bb1 e5 15. Qd2 d5
16. Qc2 g6 17. dxe5 Nxe5 18. Nxe5 Qxe5 19. Bd4 Qf4 20. e5 Ng4 21. Re1 Bc8 22.
h3 Nh6 23. Qd1 Qh4 24. Be3 f5 25. Ne2 f4 26. Nxf4 Rxf4 27. g3 Qxh3 28. Bxf4 Ng4
29. Qf3 Bc5 30. Re2 Qh2+ 31. Kf1 Nxf2 32. Rxf2 Bh3+ 33. Ke1 Qg1+ 34. Rf1 Bxf1
35. Qxf1 Qh2 36. Qe2 Qg1+ 37. Kd2 d4 38. e6 dxc3+ 39. Kxc3 Qd4+ 40. Kc2 Be7 41.
Be5 Qd5 42. Bc3 Qf5+ 43. Kc1 Bg5+ 44. Bd2 Bxd2+ 45. Kd1 Ba5+ 0-1

[Event "NATO-ch"]
[Site "Quebec CAN"]
[Date "2014.09.11"]
[Round "6.26"]
[White "Patron, Pascal"]
[Black "Middaugh, Jon S"]
[Result "1-0"]
[WhiteElo "1935"]
[BlackElo "1767"]
[PlyCount "87"]
[EventDate "2014.09.08"]
[EventType "swiss"]
[EventRounds "7"]
[EventCountry "CAN"]
[Source "Chess Mix"]
[WhiteTeam "France"]
[BlackTeam "USA"]
[WhiteTeamCountry "FRA"]

1. e4 c6 2. d4 d5 3. Nc3 dxe4 4. Nxe4 Nd7 5. Bc4 Ngf6 6. Ng3 e6 7. Nf3 Nb6 8.
Bb3 c5 9. c3 cxd4 10. Nxd4 Bc5 11. Be3 Qe7 12. O-O O-O 13. Nh5 e5 14. Nxf6+
Qxf6 15. Nb5 Qc6 16. a4 Be7 17. Qh5 Bf6 18. Rfd1 g6 19. Qe2 Be6 20. Rd6 Qe8 21.
Bxe6 fxe6 22. Bxb6 axb6 23. Rxb6 Qf7 24. f3 Bd8 25. Rd6 Be7 26. Rdd1 Bc5+ 27.
Kh1 Qf4 28. Nc7 e4 29. Nxe6 exf3 30. Qxf3 Qxf3 31. gxf3 Rf5 32. Nxc5 Rxc5 33.
Rd7 b5 34. a5 Rcc8 35. Rb7 Rcb8 36. Rxb8+ Rxb8 37. Kg2 b4 38. c4 b3 39. Kf2 Rb4
40. a6 Rb8 41. Ke3 Kf7 42. a7 Ra8 43. Kd4 Ke7 44. Kc3 1-0

[Event "NATO-ch"]
[Site "Quebec CAN"]
[Date "2014.09.11"]
[Round "6.27"]
[White "De, Bock Lennart"]
[Black "Chwieseni, Edward"]
[Result "1-0"]
[WhiteElo "1896"]
[BlackElo "1739"]
[PlyCount "97"]
[EventDate "2014.09.08"]
[EventType "swiss"]
[EventRounds "7"]
[EventCountry "CAN"]
[Source "Chess Mix"]
[WhiteTeam "Belgium"]
[BlackTeam "United Kingdom"]
[WhiteTeamCountry "BEL"]

1. b4 e5 2. Bb2 d6 3. e3 Nf6 4. Nf3 Bg4 5. Be2 Nbd7 6. d4 Bxf3 7. Bxf3 c6 8. c4
e4 9. Be2 d5 10. c5 b5 11. a4 a6 12. Nd2 h5 13. axb5 axb5 14. Rxa8 Qxa8 15. Qb3
g6 16. O-O Bg7 17. Ra1 Qb7 18. Ra5 O-O 19. Qa2 Kh7 20. Ra7 Qb8 21. Nb3 Qe8 22.
Qa6 Qc8 23. Bxb5 cxb5 24. Qxb5 Qb8 25. Qa4 Rc8 26. b5 Bf8 27. Ba3 Kg8 28. g3
Be7 29. Qa6 Bd8 30. b6 Bxb6 31. cxb6 Nxb6 32. Rb7 Qa8 33. Rxb6 Qxa6 34. Rxa6
Ng4 35. h3 Nxe3 36. fxe3 Rc3 37. Nc5 Rxe3 38. Kf2 Rf3+ 39. Kg2 Kg7 40. Bc1 Rc3
41. Bf4 Rc2+ 42. Kf1 Rc3 43. h4 g5 44. hxg5 h4 45. Be5+ Kf8 46. Bf6 Kg8 47.
gxh4 Rh3 48. Kg2 Rxh4 49. Ra8+ 1-0

[Event "NATO-ch"]
[Site "Quebec CAN"]
[Date "2014.09.11"]
[Round "6.30"]
[White "Tremblay, Mario"]
[Black "Csizmadia, Csaba"]
[Result "0-1"]
[WhiteElo "1653"]
[BlackElo "1863"]
[PlyCount "42"]
[EventDate "2014.09.08"]
[EventType "swiss"]
[EventRounds "7"]
[EventCountry "CAN"]
[Source "Chess Mix"]
[WhiteTeam "Canada"]
[BlackTeam "Hungary"]
[WhiteTeamCountry "CAN"]
[BlackTeamCountry "HUN"]

1. e4 c5 2. Nc3 e6 3. f4 g6 4. Nf3 Bg7 5. Bc4 Nc6 6. d3 Nge7 7. O-O O-O 8. Qe1
d5 9. Bb3 a6 10. a4 Rb8 11. f5 exf5 12. Qh4 fxe4 13. dxe4 c4 14. Bf4 cxb3 15.
Bxb8 Nxb8 16. exd5 bxc2 17. Ng5 h6 18. Nxf7 Rxf7 19. Rxf7 Kxf7 20. Ne4 Qxd5 21.
Rf1+ Bf5 0-1

[Event "NATO-ch"]
[Site "Quebec CAN"]
[Date "2014.09.12"]
[Round "7"]
[White "Lebrun, Roger"]
[Black "Pirs, Matjaz2"]
[Result "1/2-1/2"]
[WhiteElo "1976"]
[BlackElo "2051"]
[PlyCount "35"]
[EventDate "2014.09.08"]
[EventType "swiss"]
[EventRounds "7"]
[EventCountry "CAN"]
[Source "ChessBase"]
[SourceDate "2014.11.20"]
[WhiteTeam "Canada II"]
[BlackTeam "Slovenia"]
[WhiteTeamCountry "CAN"]
[BlackTeamCountry "SLO"]

1. d4 Nf6 2. c4 e6 3. Nf3 Bb4+ 4. Bd2 Bxd2+ 5. Nbxd2 d5 6. e3 O-O 7. Qc2 Nbd7
8. Rc1 c6 9. Bd3 Qe7 10. O-O g6 11. Rfd1 e5 12. cxd5 Nxd5 13. a3 exd4 14. Nxd4
Ne5 15. Be4 Nf6 16. Qc5 Qxc5 17. Rxc5 Re8 18. Bb1 1/2-1/2

[Event "NATO-ch"]
[Site "Quebec CAN"]
[Date "2014.09.12"]
[Round "7"]
[White "Nielsen, Jan Mose"]
[Black "Wagenaar, Harm Theo"]
[Result "1-0"]
[WhiteElo "2096"]
[BlackElo "2055"]
[PlyCount "49"]
[EventDate "2014.09.08"]
[EventType "swiss"]
[EventRounds "7"]
[EventCountry "CAN"]
[Source "ChessBase"]
[SourceDate "2014.11.20"]
[WhiteTeam "Denmark"]
[BlackTeam "NATO II"]
[WhiteTeamCountry "DEN"]

1. d4 d5 2. c4 c6 3. Nc3 Nf6 4. Nf3 dxc4 5. a4 Bf5 6. Nh4 Bc8 7. e3 e6 8. Bxc4
Bb4 9. Qb3 Qe7 10. Nf3 Nbd7 11. O-O O-O 12. Bd2 h6 13. Rfe1 a5 14. Rad1 Nb6 15.
Bd3 Nbd5 16. e4 Nc7 17. e5 Nfd5 18. Bb1 f5 19. exf6 Nxf6 20. Ne5 Qd6 21. Qc2
Qxd4 22. Bxh6 Qh4 23. Bxg7 Kxg7 24. Qg6+ Kh8 25. Re3 1-0

[Event "NATO-ch"]
[Site "Quebec CAN"]
[Date "2014.09.12"]
[Round "7.1"]
[White "Graczyk, Damian"]
[Black "Drabke, Lorenz"]
[Result "0-1"]
[WhiteElo "2081"]
[BlackElo "2457"]
[PlyCount "102"]
[EventDate "2014.09.08"]
[EventType "swiss"]
[EventRounds "7"]
[EventCountry "CAN"]
[Source "Chess Mix"]
[WhiteTeam "Poland"]
[BlackTeam "Germany"]
[WhiteTeamCountry "POL"]
[BlackTeamCountry "GER"]

1. d4 d5 2. Nf3 Nf6 3. g3 Bf5 4. Bg2 e6 5. Nh4 Bg4 6. h3 Bh5 7. g4 Nfd7 8. Nd2
Qxh4 9. Nf3 Qd8 10. gxh5 c6 11. e4 Nf6 12. Nd2 g6 13. hxg6 hxg6 14. e5 Nh5 15.
Nf1 Qb6 16. Ng3 c5 17. Nxh5 Rxh5 18. Bf3 Rh4 19. c3 Nc6 20. Bg5 Rh7 21. Qe2
cxd4 22. Bf6 Be7 23. Bxe7 Kxe7 24. Rd1 dxc3 25. bxc3 Qc7 26. c4 Nxe5 27. Bxd5
exd5 28. Rxd5 Rh5 29. f4 Kf8 30. Rxe5 Rxe5 31. fxe5 Re8 32. O-O Rxe5 33. Qg4
Qc5+ 34. Kh1 Qe3 35. Qh4 Qe4+ 36. Qxe4 Rxe4 37. c5 Rc4 38. Rb1 Rxc5 39. Rxb7
Rc1+ 40. Kg2 Rc2+ 41. Kg3 Rxa2 42. Kf3 Kg7 43. Kg4 a5 44. Rb6 a4 45. Ra6 a3 46.
Kh4 Ra1 47. Kg4 a2 48. Kh4 Kh6 49. Ra5 g5+ 50. Rxg5 Rb1 51. Rg1 Kh7 0-1

[Event "NATO-ch"]
[Site "Quebec CAN"]
[Date "2014.09.12"]
[Round "7.2"]
[White "Sycz, Dariusz"]
[Black "Andersen, Hans Christoph"]
[Result "1-0"]
[WhiteElo "2139"]
[BlackElo "2223"]
[PlyCount "67"]
[EventDate "2014.09.08"]
[EventType "swiss"]
[EventRounds "7"]
[EventCountry "CAN"]
[Source "Chess Mix"]
[WhiteTeam "Poland"]
[BlackTeam "Germany"]
[WhiteTeamCountry "POL"]
[BlackTeamCountry "GER"]

1. d4 d6 2. Nf3 g6 3. g3 Bg7 4. Bg2 f5 5. O-O Nf6 6. b3 O-O 7. Bb2 Ne4 8. Nbd2
Nc6 9. Nxe4 fxe4 10. Ng5 e5 11. d5 Qxg5 12. dxc6 bxc6 13. Bxe4 Bb7 14. Bg2 d5
15. c4 d4 16. Qc2 Qf5 17. Be4 Qe6 18. Ba3 Rf7 19. e3 Bf8 20. Bb2 Rd8 21. Rad1
Rfd7 22. exd4 exd4 23. Rfe1 Qf6 24. Rd3 Ba6 25. Rf3 Qd6 26. Rd1 c5 27. Bd5+ Kh8
28. b4 Bg7 29. bxc5 Qxc5 30. Ba3 Qa5 31. Bc6 Qh5 32. Rdd3 Be5 33. Bxd7 Rxd7 34.
Qa4 1-0

[Event "NATO-ch"]
[Site "Quebec CAN"]
[Date "2014.09.12"]
[Round "7.3"]
[White "Oltean, Gusztav"]
[Black "Helbig, Mark"]
[Result "0-1"]
[WhiteElo "2104"]
[BlackElo "2296"]
[PlyCount "76"]
[EventDate "2014.09.08"]
[EventType "swiss"]
[EventRounds "7"]
[EventCountry "CAN"]
[Source "Chess Mix"]
[WhiteTeam "Hungary"]
[BlackTeam "Germany"]
[WhiteTeamCountry "HUN"]
[BlackTeamCountry "GER"]

1. Nf3 Nf6 2. c4 e6 3. Nc3 d5 4. d4 Bb4 5. a3 Bxc3+ 6. bxc3 dxc4 7. Qa4+ Nbd7
8. Qxc4 c5 9. Bf4 Qe7 10. g3 b6 11. Bg2 Bb7 12. O-O Rc8 13. Qb3 O-O 14. a4 a6
15. Rfd1 Rfd8 16. Qa3 h6 17. h4 Bd5 18. Rab1 Qe8 19. dxc5 Nxc5 20. Rd4 Nfd7 21.
Ne5 Bxg2 22. Kxg2 Nxe5 23. Bxe5 Rxd4 24. Bxd4 Nxa4 25. Kh2 b5 26. Qd6 Qc6 27.
Qa3 e5 28. Bxe5 Qe4 29. Bxg7 Kxg7 30. Rb4 Rc4 31. Rxc4 Qxc4 32. Qd6 Qxe2 33.
Qd4+ Kh7 34. Qf6 Qe6 35. Qd8 Nc5 36. Qd4 Nd7 37. Qd3+ Kg7 38. Qd4+ Nf6 0-1

[Event "NATO-ch"]
[Site "Quebec CAN"]
[Date "2014.09.12"]
[Round "7.4"]
[White "Papista, Akos"]
[Black "Sypien, Mateusz"]
[Result "1/2-1/2"]
[WhiteElo "2168"]
[BlackElo "2257"]
[PlyCount "56"]
[EventDate "2014.09.08"]
[EventType "swiss"]
[EventRounds "7"]
[EventCountry "CAN"]
[Source "Chess Mix"]
[WhiteTeam "Hungary"]
[BlackTeam "Poland"]
[WhiteTeamCountry "HUN"]
[BlackTeamCountry "POL"]

1. e4 e5 2. Nf3 d6 3. d4 exd4 4. Nxd4 Nf6 5. Nc3 Be7 6. Be2 O-O 7. Bf4 Nbd7 8.
Qd2 Nc5 9. Bf3 Ne6 10. Be3 Nxd4 11. Qxd4 Ng4 12. Bxg4 Bxg4 13. Nd5 Be6 14.
Nxe7+ Qxe7 15. O-O a6 16. Rad1 Rad8 17. a3 Rfe8 18. Bf4 Bd7 19. f3 h6 20. b4
Bc6 21. c4 Qh4 22. Bg3 Qg5 23. Qf2 Qe7 24. Qc2 Qg5 25. Qf2 Qh5 26. Rd2 b6 27.
h3 a5 28. Rc1 axb4 1/2-1/2

[Event "NATO-ch"]
[Site "Quebec CAN"]
[Date "2014.09.12"]
[Round "7.5"]
[White "Pedersen, Finn"]
[Black "Macaspac, Arthur"]
[Result "1-0"]
[WhiteElo "2278"]
[BlackElo "2106"]
[PlyCount "107"]
[EventDate "2014.09.08"]
[EventType "swiss"]
[EventRounds "7"]
[EventCountry "CAN"]
[Source "Chess Mix"]
[WhiteTeam "Denmark"]
[BlackTeam "USA"]
[WhiteTeamCountry "DEN"]

1. Nf3 Nf6 2. c4 c5 3. Nc3 b6 4. g3 Bb7 5. Bg2 g6 6. d3 Bg7 7. e4 O-O 8. O-O d6
9. h3 Nc6 10. Be3 h6 11. Qd2 Kh7 12. Nh2 Qd7 13. f4 e6 14. g4 Ne7 15. Qf2 d5
16. cxd5 exd5 17. e5 d4 18. Bxb7 dxe3 19. Qf3 Rab8 20. exf6 Bxf6 21. Ba6 b5 22.
a4 bxa4 23. Nxa4 Rb4 24. Nxc5 Qd4 25. Ne4 e2+ 26. Rf2 Bh4 27. Qxe2 Nd5 28. Nf3
Bxf2+ 29. Qxf2 Qxf2+ 30. Nxf2 Rxb2 31. Bc4 Nb6 32. Rxa7 Nxc4 33. dxc4 Kg8 34.
Ne5 Rd8 35. c5 Rdd2 36. Ned3 Rbc2 37. Rd7 Kf8 38. Kg2 Ke8 39. Rd4 f6 40. h4 Ke7
41. Kf3 Ke6 42. Rd8 Kf7 43. Rd7+ Kg8 44. Rc7 Rc4 45. Ke3 Rdc2 46. h5 gxh5 47.
gxh5 f5 48. Re7 R2c3 49. Re5 Ra4 50. Rxf5 Rc2 51. Rf6 Kg7 52. Rg6+ Kh7 53. Ng4
Ra3 54. Nf6+ 1-0

[Event "NATO-ch"]
[Site "Quebec CAN"]
[Date "2014.09.12"]
[Round "7.6"]
[White "Bacus, Dharim"]
[Black "Bohn, Ulrich"]
[Result "1/2-1/2"]
[WhiteElo "2272"]
[BlackElo "2147"]
[PlyCount "118"]
[EventDate "2014.09.08"]
[EventType "swiss"]
[EventRounds "7"]
[EventCountry "CAN"]
[Source "Chess Mix"]
[WhiteTeam "USA"]
[BlackTeam "Germany"]
[BlackTeamCountry "GER"]

1. e4 g6 2. d4 Bg7 3. Nc3 d6 4. Be2 a6 5. a4 Nf6 6. Nf3 O-O 7. O-O Nc6 8. Bf4
Bg4 9. d5 e5 10. dxe6 Bxe6 11. Ng5 Bd7 12. Qd2 Qe7 13. Bc4 Ne5 14. Be2 Bc6 15.
Nd5 Qd8 16. c3 h6 17. Nxf6+ Qxf6 18. Nf3 Bxe4 19. Nxe5 dxe5 20. Bxh6 Qc6 21.
Bxg7 Kxg7 22. f3 Qb6+ 23. Rf2 Rad8 24. Qe1 Bf5 25. Bf1 f6 26. a5 Qb3 27. Rd2
Rxd2 28. Qxd2 Rf7 29. Ra3 Qe6 30. Be2 Rd7 31. Qe3 Bc2 32. c4 Rd4 33. Rc3 Ba4
34. Kf2 c5 35. Ra3 Bc6 36. Ra1 Qd6 37. Ra3 e4 38. f4 Rd2 39. Rb3 f5 40. g4 Qd4
41. gxf5 gxf5 42. h4 Rc2 43. h5 Qxc4 44. Rc3 Rxc3 45. Bxc4 Rxe3 46. Kxe3 Bd7
47. Bd5 Bc8 48. Kd2 Kh6 49. Bf7 Kg7 50. Bd5 Kh6 51. Bf7 Bd7 52. Kc3 Bb5 53. Kd2
Bd7 54. Ke3 Kg7 55. Bc4 Bc8 56. Kf2 Kh6 57. Bf7 Kg7 58. Be8 Be6 59. Kg3 Kh6
1/2-1/2

[Event "NATO-ch"]
[Site "Quebec CAN"]
[Date "2014.09.12"]
[Round "7.7"]
[White "Hansen, Steven E"]
[Black "Nill, Oliver"]
[Result "0-1"]
[WhiteElo "2102"]
[BlackElo "2188"]
[PlyCount "58"]
[EventDate "2014.09.08"]
[EventType "swiss"]
[EventRounds "7"]
[EventCountry "CAN"]
[Source "Chess Mix"]
[WhiteTeam "Denmark"]
[BlackTeam "Germany"]
[WhiteTeamCountry "DEN"]
[BlackTeamCountry "GER"]

1. d4 g6 2. c4 Bg7 3. Nc3 Nf6 4. e4 d6 5. f3 O-O 6. Be3 c5 7. Nge2 Nc6 8. d5
Ne5 9. Ng3 e6 10. Be2 exd5 11. cxd5 a6 12. a4 Qa5 13. O-O Bd7 14. Qd2 Rfe8 15.
Nh1 Qb4 16. a5 b6 17. axb6 Qxb6 18. b4 Qxb4 19. Rfb1 Nc4 20. Qc1 Nxe3 21. Rxb4
cxb4 22. Rxa6 Rxa6 23. Bxa6 bxc3 24. Qxc3 Nxe4 25. Qxe3 Nc5 26. Qa3 Ra8 27. Ng3
Rxa6 28. Qb4 Ra1+ 29. Nf1 Bb5 0-1

[Event "NATO-ch"]
[Site "Quebec CAN"]
[Date "2014.09.12"]
[Round "7.8"]
[White "Mestek, Igor"]
[Black "Keough, Robert"]
[Result "1/2-1/2"]
[WhiteElo "2180"]
[BlackElo "2069"]
[PlyCount "48"]
[EventDate "2014.09.08"]
[EventType "swiss"]
[EventRounds "7"]
[EventCountry "CAN"]
[Source "Chess Mix"]
[WhiteTeam "Slovenia"]
[BlackTeam "USA"]
[WhiteTeamCountry "SLO"]

1. e4 c5 2. Nf3 e6 3. d4 cxd4 4. Nxd4 a6 5. Nc3 Qc7 6. g3 Nf6 7. Bg2 Nc6 8.
Nxc6 dxc6 9. O-O e5 10. h3 Bc5 11. Na4 Ba7 12. Qe2 b5 13. Nc3 O-O 14. Be3 Be6
15. Rfe1 a5 16. Bxa7 Qxa7 17. Qe3 Rfd8 18. Qxa7 Rxa7 19. Nd1 a4 20. a3 c5 21.
Nc3 Kf8 22. Bf1 Rd2 23. Bd3 c4 24. Nb1 cxd3 1/2-1/2

[Event "NATO-ch"]
[Site "Quebec CAN"]
[Date "2014.09.12"]
[Round "7.9"]
[White "Kersic, Matej"]
[Black "Onley, David"]
[Result "1-0"]
[WhiteElo "2207"]
[BlackElo "2120"]
[PlyCount "77"]
[EventDate "2014.09.08"]
[EventType "swiss"]
[EventRounds "7"]
[EventCountry "CAN"]
[Source "Chess Mix"]
[WhiteTeam "Slovenia"]
[BlackTeam "United Kingdom"]
[WhiteTeamCountry "SLO"]

1. e4 c5 2. Nf3 e6 3. d4 cxd4 4. Nxd4 Nc6 5. Nc3 a6 6. Be3 Nge7 7. Be2 Nxd4 8.
Qxd4 b5 9. O-O Nc6 10. Qd2 Be7 11. Rad1 Bb7 12. a4 b4 13. Na2 Rc8 14. Bf4 Bc5
15. c3 a5 16. Bb5 Qe7 17. Rfe1 Rd8 18. e5 h6 19. Nc1 Na7 20. Nb3 Nxb5 21. axb5
bxc3 22. bxc3 a4 23. Nxc5 Qxc5 24. Qd3 Bd5 25. Be3 Qc7 26. Ra1 Ra8 27. Qd4 O-O
28. Rxa4 Rxa4 29. Qxa4 Qxc3 30. Rc1 Qxe5 31. Qg4 Kh7 32. h4 Qb2 33. b6 f5 34.
Qd4 Qxd4 35. Bxd4 Kg6 36. Be5 Rf7 37. Rc7 d6 38. h5+ Kg5 39. Rxf7 1-0

[Event "NATO-ch"]
[Site "Quebec CAN"]
[Date "2014.09.12"]
[Round "7.10"]
[White "Van Rijn, Wouter"]
[Black "Lambruschini, Alex"]
[Result "1-0"]
[WhiteElo "2176"]
[BlackElo "1928"]
[PlyCount "43"]
[EventDate "2014.09.08"]
[EventType "swiss"]
[EventRounds "7"]
[EventCountry "CAN"]
[Source "Chess Mix"]
[WhiteTeam "The Netherlands"]
[BlackTeam "Canada"]
[BlackTeamCountry "CAN"]

1. d4 d5 2. c4 e6 3. Nc3 c6 4. Bf4 f5 5. e3 Nf6 6. Bd3 Bb4 7. h3 O-O 8. Nf3 Bd7
9. Qb3 Bxc3+ 10. bxc3 Bc8 11. O-O Kh8 12. Rab1 Rg8 13. cxd5 cxd5 14. c4 h6 15.
Rfc1 g5 16. Bh2 g4 17. hxg4 Nxg4 18. Bf4 Qe7 19. cxd5 Qg7 20. Rc7 Nd7 21. dxe6
Nxf2 22. Be5 1-0

[Event "NATO-ch"]
[Site "Quebec CAN"]
[Date "2014.09.12"]
[Round "7.11"]
[White "Michalski, Daniel"]
[Black "Marquardt, Christian"]
[Result "1/2-1/2"]
[WhiteElo "2090"]
[BlackElo "2078"]
[PlyCount "67"]
[EventDate "2014.09.08"]
[EventType "swiss"]
[EventRounds "7"]
[EventCountry "CAN"]
[Source "Chess Mix"]
[WhiteTeam "Poland"]
[BlackTeam "Germany"]
[WhiteTeamCountry "POL"]
[BlackTeamCountry "GER"]

1. d4 Nf6 2. Nf3 e6 3. c4 b6 4. g3 Ba6 5. Qa4 Be7 6. Bg2 Bb7 7. O-O O-O 8. Nc3
d6 9. Rd1 Ne4 10. Qc2 Nxc3 11. Qxc3 f5 12. b3 Nd7 13. Bb2 Be4 14. Ne1 Bxg2 15.
Nxg2 Bf6 16. Nf4 Qe8 17. Qe3 e5 18. dxe5 Bxe5 19. Bxe5 Nxe5 20. Nd5 Qf7 21. f3
Rfe8 22. Qf2 Re6 23. Rd2 Rae8 24. Rc1 g5 25. b4 c6 26. Ne3 Nxf3+ 27. Qxf3 Rxe3
28. Qxc6 Rxe2 29. Rcc2 Re1+ 30. Kf2 Qe7 31. Qd5+ Kh8 32. Qd4+ Kg8 33. Qd5+ Kh8
34. Qd4+ 1/2-1/2

[Event "NATO-ch"]
[Site "Quebec CAN"]
[Date "2014.09.12"]
[Round "7.13"]
[White "Cheung, Jan"]
[Black "Bielawski, Michal"]
[Result "1/2-1/2"]
[WhiteElo "2087"]
[BlackElo "2051"]
[PlyCount "121"]
[EventDate "2014.09.08"]
[EventType "swiss"]
[EventRounds "7"]
[EventCountry "CAN"]
[Source "Chess Mix"]
[WhiteTeam "The Netherlands"]
[BlackTeam "Poland"]
[BlackTeamCountry "POL"]

1. d4 Nf6 2. c4 g6 3. Nc3 d5 4. Nf3 Bg7 5. Qb3 c6 6. cxd5 Nxd5 7. e4 Nxc3 8.
bxc3 O-O 9. Ba3 Qc7 10. Bc4 b5 11. Be2 Re8 12. O-O Nd7 13. Ng5 e6 14. d5 cxd5
15. exd5 Qe5 16. dxe6 fxe6 17. Bf3 Rb8 18. Nxe6 Kh8 19. Nxg7 Kxg7 20. Rad1 Rb6
21. Qb4 Nf6 22. h3 Bb7 23. Bxb7 Rxb7 24. Bb2 Qe4 25. Rd4 Qc6 26. Rfd1 Re4 27.
Ba3 Rf7 28. Qc5 Qxc5 29. Bxc5 Re2 30. R4d2 Rxd2 31. Rxd2 Rc7 32. Bd4 Kf7 33.
Bxf6 Kxf6 34. Rd5 Rxc3 35. Rxb5 Rc1+ 36. Kh2 Rc2 37. Ra5 Rxf2 38. Rxa7 h5 39.
Kg3 Rc2 40. Ra6+ Kf5 41. Ra5+ Kf6 42. h4 Rc3+ 43. Kh2 Rc2 44. a4 Rc3 45. g3 Ra3
46. Kg2 Kf7 47. Ra6 Kg7 48. Kf2 Kf7 49. a5 Kg7 50. Ra7+ Kf6 51. a6 Kf5 52. Ra8
Kg4 53. a7 Ra2+ 54. Kf1 Kxg3 55. Rg8 Rxa7 56. Rxg6+ Kxh4 57. Kg2 Ra2+ 58. Kg1
Kh3 59. Rf6 h4 60. Rf3+ Kg4 61. Rb3 1/2-1/2